00000000ngs 2200000zi 4500
0019.943065
003CaOODSP
00520250129073817
006m     o  c f      
007cr cn ||||||||
008240910c20239999qucnnnp      fo   vlsgn d
040 |aCaOODSP|beng|erda|cCaOODSP
041 7|aase|2iso639-3
043 |an-cn---
0861 |aEm9-14E-MP4
1101 |aCanada. |bEmployment and Social Development Canada, |eauthor, |eissuing body.
24510|aProgress report on the Employment and Social Development Canada 3-year accessibility plan : |bexecutive summary.
264 1|a[Gatineau, QC] : |b[Employment and Social Development Canada], |c[2024]-
300 |aonline resource (video files)
310 |aAnnual
336 |atwo dimensional moving image|btdi|2rdacontent
337 |acomputer|bc|2rdamedia
338 |aonline resource|bcr|2rdacarrier
347 |avideo file|2rdaft
347 |bMP4
3621 |aBegan with: 2023.
500 |aIssued also in French under title: Rapport d'étape sur le plan d'accessibilité triennal d'Emploi et développement social Canada.
500 |aAvailable as streaming video or as downloadable MP4 files.
500 |aVideo transcript in HTML format provided by publisher.
500 |aIncludes executive summary.
546 |aIn American Sign Language (ASL).
588 |aDescription based on: 2023.
588 |aLatest issue consulted: 2023.
61010|aCanada. |bEmployment and Social Development Canada|vPeriodicals.
650 0|aBarrier-free design|zCanada|xPlanning|vPeriodicals.
650 0|aPeople with disabilities|xGovernment policy|zCanada|vPeriodicals.
655 7|aInstructional and educational works|2lcgft
655 7|aInternet videos|2lcgft
77508|tRapport d'étape sur le plan d'accessibilité triennal d'Emploi et développement social Canada : |w(CaOODSP)9.943064